Entrepreneurship development : (Record no. 147553)

MARC details
000 -LEADER
fixed length control field 00675nam a22002177a 4500
005 - DATE AND TIME OF LATEST TRANSACTION
control field 20171118130715.0
010 ## - LCCN (DPL NO)
LC control number ENG-121469
020 ## - INTERNATIONAL STANDARD BOOK NUMBER
International Standard Book Number 9789325980860
Terms of availability 199.00
035 ## - SYSTEM CONTROL NUMBER
System control number EN-105001
037 ## - SOURCE OF ACQUISITION
Source of stock number/acquisition DBAD/PUB
082 ## - DEWEY DECIMAL CLASSIFICATION NUMBER
Classification number 338.04
100 ## - MAIN ENTRY--PERSONAL NAME
Personal name Sharma, Richa
245 ## - TITLE STATEMENT
Title Entrepreneurship development :
Statement of responsibility, etc by Richa Sharma, Sapna Mathur [and] Nitin Tripathi
Remainder of title (as per syllabus of uptu) /
260 ## - PUBLICATION, DISTRIBUTION, ETC. (IMPRINT)
Place of publication, distribution, etc Noida
Name of publisher, distributor, etc Vikas Publishing house
Date of publication, distribution, etc 2017
270 ## - ADDRESS
Address E-28, Sector 8,
City Noida (UP)
Postal code 201301
300 ## - PHYSICAL DESCRIPTION
Extent xii,182p :
Dimensions 24cm(pbk)
Other physical details ill.
505 ## - FORMATTED CONTENTS NOTE
Formatted contents note EOE-071
700 ## - ADDED ENTRY--PERSONAL NAME
Personal name Mathur, Sapna
700 ## - ADDED ENTRY--PERSONAL NAME
Personal name Tripathi, Nitin
942 ## - ADDED ENTRY ELEMENTS (KOHA)
Source of classification or shelving scheme Dewey Decimal Classification
Item type English Books
Classification part 338.04
Call number suffix SHA
Holdings
Withdrawn status Lost status Not for loan Collection code Home library Current library Date acquired Source of acquisition Cost, normal purchase price Full call number Barcode Copy number Cost, replacement price Koha item type
    Not For Loan Non-fiction D.B.Act.Division Bawana 18/11/2017 DBAD/PUB 199.00 338.04 SHA EN-105001 1 199.00 English Books

© Delhi Public Library
Hit Counter
free hit counter